000 00474nab a2200145Ia 4500
003 ES-SlBCS
005 20210601125300.0
008 140529s1996 xxu||||| |||| 00| 0 eng d
041 _aeng
100 1 _aSenor, Thomas D.
_9156299
245 0 4 _aThe Prima/Ultima Facie Justification Distinction in Epistemology
_c Thomas D. Senor
650 0 4 _aEpistemología
_986254
773 0 _tPhilosophy and Phenomenological Research
_gvol. 56, 1996, págs. 551-566
_wRev1411
942 _cAR
999 _c527798
_d527798